Normal view
MARC view
Entry Personal Name
001 - CONTROL NUMBER
- control field: 847294
003 - CONTROL NUMBER IDENTIFIER
- control field: OSt
005 - DATE AND TIME OF LATEST TRANSACTION
- control field: 20251003125002.0
008 - FIXED-LENGTH DATA ELEMENTS
- fixed length control field: 251003|| aca||aabn | a|a d
040 ## - CATALOGING SOURCE
- Original cataloging agency: OSt
- Transcribing agency: OSt
100 ## - HEADING--PERSONAL NAME
- Personal name: अणुशक्ति सिंह, ले
670 ## - SOURCE DATA FOUND
- Source citation: Work cat.: (OSt)1235621: अणुशक्ति सिंह, ले., शर्मिष्ठा: कुरू वंश की आदि विद्रोहिणी, 3233
